=LDR 00000nam 2200000 4500 =001 INLIS000000000020056 =005 20130612115041 =008 ***********************************Ind** =035 ##$$0010-061300000020056 =041 ##$$a Ind =082 ##$$a 2x7.1 =090 ##$$a 2x7.1, Sub m =100 ##$$a Subbahar, Erfan =245 ##$$a Menjual fakta keabsahan Al Sunah, oleh Dr. H.M Erfan Soebbahar Al-Sunah, oleh Dr. H.M Erfan Soebahar, M. Ag =260 ##$$a 2003 $b Jakarta =300 ##$$a ix, 302 hlm, 21 cm =650 ##$$a Filsafat Islam =850 ##$$a NBPNMAT =990 ##$$a 0001/BPAP-NTB/2016